Ngữ văn 12 nâng cao : Sách giáo viên
Sách bao gồm các tác phẩm văn học như truyện, thơ và các đoạn trích. Thực hành về văn nghị luận.
Guardat en:
| Autor principal: | |
|---|---|
| Format: | Llibre |
| Idioma: | Undetermined |
| Publicat: |
Hà Nội
Giáo dục Việt Nam
2013
|
| Matèries: | |
| Etiquetes: |
Afegir etiqueta
Sense etiquetes, Sigues el primer a etiquetar aquest registre!
|
| Thư viện lưu trữ: | Trung tâm Học liệu Trường Đại học Cần Thơ |
|---|
| LEADER | 00870nam a2200229Ia 4500 | ||
|---|---|---|---|
| 001 | CTU_236867 | ||
| 008 | 210402s9999 xx 000 0 und d | ||
| 020 | |c 13300 | ||
| 082 | |a 495.9220712 | ||
| 082 | |b S550/T.1 | ||
| 100 | |a Trần, Đình Sử | ||
| 245 | 0 | |a Ngữ văn 12 nâng cao : | |
| 245 | 0 | |b Sách giáo viên | |
| 245 | 0 | |c Trần Đình Sử (Tổng chủ biên) | |
| 260 | |a Hà Nội | ||
| 260 | |b Giáo dục Việt Nam | ||
| 260 | |c 2013 | ||
| 520 | |a Sách bao gồm các tác phẩm văn học như truyện, thơ và các đoạn trích. Thực hành về văn nghị luận. | ||
| 650 | |a Vietnamese philology,Ngữ văn Việt Nam | ||
| 650 | |x Study and teaching (Secondary),Dạy và học (Trung học) | ||
| 904 | |i Hải | ||
| 980 | |a Trung tâm Học liệu Trường Đại học Cần Thơ | ||